Normal view
MARC view
- العيساوي،عوض خلف دلف
Entry Personal Name
001 - CONTROL NUMBER
- control field: 31906
003 - CONTROL NUMBER IDENTIFIER
- control field: JO-AjAnu
005 - DATE AND TIME OF LATEST TRANSACTION
- control field: 20230606075352.0
008 - FIXED-LENGTH DATA ELEMENTS
- fixed length control field: 230606|| aca||aabn | a|a d
040 ## - CATALOGING SOURCE
- Original cataloging agency: JO-AjAnu
- Transcribing agency: JO-AjAnu
100 ## - HEADING--PERSONAL NAME
- Personal name: العيساوي،عوض خلف دلف
670 ## - SOURCE DATA FOUND
- Source citation: Work cat.: (JO-AjAnu)16383: العيساوي،عوض خلف دلف, author, الفرضيات والمبادىء والمحددات المحاسبية من منظور الشريعة الاسلامية: دراسة محاسبية في المصارف الاسلامية